|
|
|
|
| LEADER |
02499nam a2200685 a 4500 |
| 001 |
nkc20102107473 |
| 003 |
CZ PrNK |
| 005 |
20201216110824.0 |
| 007 |
ta |
| 008 |
100520s2010 xr e 000 1acze |
| 015 |
|
|
|a cnb002107473
|
| 020 |
|
|
|a 978-80-7381-785-5
|q (váz.)
|
| 035 |
|
|
|a (OCoLC)670479044
|
| 040 |
|
|
|a BOA001
|b cze
|
| 041 |
1 |
|
|a cze
|h eng
|
| 043 |
|
|
|a e-it---
|
| 045 |
|
|
|a x9y0
|
| 072 |
|
7 |
|a 821.111(73)-3
|x Americká próza
|2 Konspekt
|9 25
|
| 072 |
|
7 |
|a 929
|x Biografie
|2 Konspekt
|9 8
|
| 080 |
|
|
|a 821.111(73)-3
|2 MRF
|
| 080 |
|
|
|a (=1:73)-055.2
|2 MRF
|
| 080 |
|
|
|a 929
|2 MRF
|
| 080 |
|
|
|a 316.728
|2 MRF
|
| 080 |
|
|
|a 39
|2 MRF
|
| 080 |
|
|
|a 641/642
|2 MRF
|
| 080 |
|
|
|a (450)
|2 MRF
|
| 080 |
|
|
|a (0:82-322.6)
|2 MRF
|
| 080 |
|
|
|a (083.12)
|2 MRF
|
| 100 |
1 |
|
|a De Blasi, Marlena,
|d 1952-
|7 xx0021415
|4 aut
|
| 245 |
1 |
0 |
|a Tisíc dnů v Toskánsku :
|b hořkosladký příběh /
|c Marlena de Blasi ; přeložila Daria Dvořáková
|
| 250 |
|
|
|a 3. vyd. v českém jazyce
|
| 260 |
|
|
|a Praha :
|b BB/art,
|c 2010
|
| 300 |
|
|
|a 253 s. ;
|c 21 cm
|
| 500 |
|
|
|a Přeloženo z angličtiny
|
| 600 |
1 |
7 |
|a De Blasi, Marlena,
|d 1952-
|7 xx0021415
|2 czenas
|
| 648 |
|
7 |
|a 20.-21. století
|7 ch462155
|2 czenas
|
| 650 |
0 |
7 |
|a americké spisovatelky
|7 ph118396
|y 20.-21. století
|2 czenas
|
| 650 |
0 |
7 |
|a každodenní život
|7 ph121555
|z Itálie
|2 czenas
|
| 650 |
0 |
7 |
|a zvyky a obyčeje
|7 ph137519
|z Itálie
|2 czenas
|
| 650 |
0 |
7 |
|a gastronomie
|7 ph120473
|z Itálie
|2 czenas
|
| 650 |
0 |
9 |
|a American women authors
|y 20th-21st centuries
|2 eczenas
|
| 650 |
0 |
9 |
|a everyday life
|z Italy
|2 eczenas
|
| 650 |
0 |
9 |
|a manners and customs
|z Italy
|2 eczenas
|
| 650 |
0 |
9 |
|a gastronomy
|z Italy
|2 eczenas
|
| 651 |
|
7 |
|a Toskánsko (Itálie)
|7 ge131099
|2 czenas
|
| 651 |
|
9 |
|a Tuscany (Italy)
|2 eczenas
|
| 655 |
|
7 |
|a americké prózy
|7 fd131794
|2 czenas
|
| 655 |
|
7 |
|a autobiografické prózy
|7 fd131850
|2 czenas
|
| 655 |
|
7 |
|a kuchařské recepty
|7 fd132687
|2 czenas
|
| 655 |
|
9 |
|a American prose
|2 eczenas
|
| 655 |
|
9 |
|a autobiographical prose
|2 eczenas
|
| 655 |
|
9 |
|a cookbooks
|2 eczenas
|
| 700 |
1 |
|
|a Dvořáková, Daria,
|d 1951-
|7 jn20001227573
|4 trl
|
| 765 |
0 |
|
|t Thousand days in Tuscany
|9 Česky
|
| 856 |
4 |
1 |
|u http://www.digitalniknihovna.cz/mzk/uuid/uuid:d7f2f5b0-5ccb-11e7-aab4-005056827e52
|y Digitalizovaný dokument
|x NDK
|
| 910 |
2 |
|
|a BOA001
|b 2-1248.289
|
| 990 |
|
|
|a BK
|
| 995 |
|
|
|a 01
|
| 991 |
|
|
|b 201009
|c NOV
|e n
|
| 996 |
6 |
|
|b 2610446861
|c 2-1248.289
|l MZK
|r Sklad / do 1 hodiny
|n 1
|p p.v.
|w 001139927
|u 000010
|a 1
|e BOA001
|j MZK50
|s P
|